Pôvod kresťanského náboženstva

Bibliographic Details
Main Author: Halečka, Tibor, 1931-2004 (Author)
Format: Book
Language:Slovak
Published: Martin Osveta 1959
Edition:1. vydanie
Series:Malá knižnica Spoločnosti
Subjects:

MARC

LEADER 00000cam a2200000 a 4500
001 vtls008323022
003 SK-MaSNL
005 20260302074319.0
008 181127s1959 xo 000 slo
015 |a SKSNBA1959/03-00592 
035 |a SK01SNK19590015239 
035 |a SKM000017702 
040 |a SNK  |b slo  |c SNK  |e AACR2 
041 1 |a slo 
044 |a xo  |c SK 
080 |a 230.1(035)  |2 1981 
100 1 |a Halečka, Tibor,  |d 1931-2004  |4 aut  |9 125150 
245 1 0 |a Pôvod kresťanského náboženstva  |c Tibor Halečka 
250 |a 1. vydanie 
260 |a Martin  |b Osveta  |c 1959  |e Martin  |f Tlačiarne SNP 
300 |a 125, [6] s., [21] obr. príl.  |c 8° 
490 1 |a Malá knižnica Spoločnosti  |v zv. 12 
500 |a Pozn. Lit. 
630 0 7 |a Biblia  |2 SNKPH  |9 17043 
650 0 7 |a dejiny kresťanstva  |x príručky  |2 SNK  |9 80273 
650 0 7 |a kresťanstvo  |2 SNKPH  |9 2024 
650 0 7 |a ideológia  |2 SNKPH  |9 114922 
650 0 7 |a kresťanstvo a judaizmus  |2 SNKPH  |9 69206 
655 7 |a príručky  |2 SNKPH  |9 74364 
830 0 |a Malá knižnica Spoločnosti  |9 307099 
852 |a Slovenská národná knižnica v Martine  |b 10000  |h SD 16977 
852 |a Slovenská národná knižnica v Martine  |b 10000  |h SD 16977 D1 
919 |a brož. 
958 |a OND 
958 |a TL 
958 |a NB 
958 |a RK 
999 |c 1164549  |d 1166479 
952 |a SNK  |b SNK  |y VYP  |7 0  |p 17A1346050  |o snkSD 16977 D1  |i snkKSP 1094/59  |0 0  |1 0  |4 0  |d 2024-02-21  |l 0  |r 2026-02-24 20:44:57  |w 2026-02-24 
952 |a SNK  |b SNK  |y PREZ  |7 0  |p 17A0611472  |o snkSD 16977  |i snkKSP 1093/59  |0 0  |1 0  |4 0  |d 2009-02-21  |l 0  |r 2025-12-01 00:00:00  |w 2026-02-24